| 000 | 00702cam a2200229 4500 | ||
|---|---|---|---|
| 001 | ABS62422 | ||
| 008 | 000000n2000 000 0 eng u | ||
| 035 | _a(Sirsi) u106658 | ||
| 110 |
_aMace _9462 |
||
| 245 | _aLead times | ||
| 260 | _c2000 | ||
| 490 |
_aBuilding _v265(8139) 2 June 2000, 56-59(4) |
||
| 520 | _aMace follows the lead times of 38 works packages, and Gardiner and Theobald analyse the reinforced concrete piling market. Graphs. | ||
| 590 | _aABS | ||
| 650 | _aMACE | ||
| 650 | _aGARDINER & THEOBALD | ||
| 650 | _aREINFORCED CONCRETE PILING | ||
| 650 | _aLEAD TIMES | ||
| 690 | _aBUILT ENVIRONMENT-CONSTRUCTION MARKET | ||
| 710 |
_aGardiner and Theobald _9719 |
||
| 942 | _n0 | ||
| 999 |
_c63859 _d63859 |
||